[Event "Pardubice Czech op-A 34th"]
[Site "Pardubice"]
[Date "2023.07.29"]
[Round "9"]
[White "Sharon, Rafael"]
[Black "Orzech, Dominik"]
[Result "1/2-1/2"]
[WhiteElo "1934"]
[BlackElo "2273"]
[PlyCount "50"]
[EventDate "2023.07.21"]
[EventType "swiss"]
[EventRounds "9"]
[EventCountry "CZE"]
[SourceTitle "CBM 215 Extra"]
[Source "ChessBase"]
[SourceDate "2023.09.30"]
[SourceVersion "1"]
[SourceVersionDate "2023.09.30"]
[SourceQuality "1"]

1. Nf3 Nf6 2. g3 d5 3. Bg2 g6 4. 0-0 Bg7 5. d4 0-0 6. c4 c5 7. dxc5 Na6 8. Nc3 dxc4 9. c6 bxc6 10. Ne5 Bb7 11. Nxc4 Nd5 12. Bd2 Nxc3 13. Bxc3 Bxc3 14. bxc3 Nc5 15. Qc2 Qc7 16. Rfd1 Rad8 17. h4 Ba6 18. Ne3 Bb5 19. a4 Rxd1+ 20. Qxd1 Rd8 21. Qc2 Qa5 22. Qa2 Qxa4 23. Qb1 Qb3 24. Qxb3 Nxb3 25. Rxa7 Bxe2 1/2-1/2

[Event "Pardubice Czech op-A 34th"]
[Site "Pardubice"]
[Date "2023.07.26"]
[Round "6"]
[White "Czopor, Maciej"]
[Black "Sharon, Rafael"]
[Result "1/2-1/2"]
[WhiteElo "2379"]
[BlackElo "1934"]
[PlyCount "67"]
[EventDate "2023.07.21"]
[EventType "swiss"]
[EventRounds "9"]
[EventCountry "CZE"]
[SourceTitle "CBM 215 Extra"]
[Source "ChessBase"]
[SourceDate "2023.09.30"]
[SourceVersion "1"]
[SourceVersionDate "2023.09.30"]
[SourceQuality "1"]

1. e4 c6 2. d4 d5 3. e5 Bf5 4. Nd2 e6 5. Nb3 c5 6. dxc5 Bxc5 7. Nxc5 Qa5+ 8. c3 Qxc5 9. Be3 Qc7 10. f4 Nc6 11. Nf3 Nge7 12. Be2 Be4 13. 0-0 Nf5 14. Bf2 0-0 15. Qd2 Rfd8 16. g4 Nfe7 17. Nd4 Nxd4 18. cxd4 Rdc8 19. Rac1 Qd7 20. Bh4 Ng6 21. Bg3 Rxc1 22. Rxc1 Rc8 23. Bf2 h5 24. Rxc8+ Qxc8 25. h3 hxg4 26. hxg4 Kh7 27. Be3 Qd8 28. Bd1 Kg8 29. Qf2 Qa5 30. a3 Qb5 31. Qe2 Qc6 32. Qf2 Qb5 33. Qe2 Qc6 34. Qf2 1/2-1/2

[Event "Piestany op-A"]
[Site "Piestany"]
[Date "2023.07.18"]
[Round "8"]
[White "Sharon, Rafael"]
[Black "Winkelman, Albert"]
[Result "0-1"]
[WhiteElo "1934"]
[BlackElo "2288"]
[PlyCount "84"]
[EventDate "2023.07.11"]
[EventType "swiss"]
[EventRounds "9"]
[EventCountry "SVK"]
[SourceTitle "EXT 2024"]
[Source "ChessBase"]
[SourceDate "2023.10.10"]
[SourceVersion "1"]
[SourceVersionDate "2023.10.10"]
[SourceQuality "1"]

1. Nf3 Nf6 2. g3 b5 3. Bg2 Bb7 4. 0-0 c5 5. d3 d6 6. e4 Nbd7 7. Re1 e5 8. Nbd2 g6 9. a4 a6 10. axb5 axb5 11. Rxa8 Qxa8 12. b3 Qa2 13. d4 cxd4 14. Nxd4 exd4 15. e5 Nd5 16. exd6+ Kd8 17. Qe2 Bxd6 18. Qxb5 Qa8 19. c4 N5b6 20. Bxb7 Qxb7 21. b4 Bc7 22. Nb3 Re8 23. Rxe8+ Kxe8 24. Nxd4 Qe4 25. Be3 Qd3 26. c5 Qxb5 27. Nxb5 Nd5 28. Nxc7+ Nxc7 29. Kf1 Nf6 30. Ke2 Nfd5 31. Bd2 Kd7 32. Kd3 Kc6 33. Kc4 Nb5 34. Be1 Nf6 35. f3 Nd7 36. f4 f5 37. Bc3 Nxc3 38. Kxc3 Kd5 39. Kb3 h6 40. Ka4 Nxc5+ 41. bxc5 Kxc5 42. h4 h5 0-1

[Event "Piestany op-A"]
[Site "Piestany"]
[Date "2023.07.17"]
[Round "7"]
[White "Nielsen, Jon I Horni"]
[Black "Sharon, Rafael"]
[Result "0-1"]
[WhiteElo "2063"]
[BlackElo "1934"]
[PlyCount "114"]
[EventDate "2023.07.11"]
[EventType "swiss"]
[EventRounds "9"]
[EventCountry "SVK"]
[SourceTitle "EXT 2024"]
[Source "ChessBase"]
[SourceDate "2023.10.10"]
[SourceVersion "1"]
[SourceVersionDate "2023.10.10"]
[SourceQuality "1"]

1. e4 c6 2. d4 d5 3. Nc3 dxe4 4. Nxe4 Bf5 5. Ng3 Bg6 6. h4 h6 7. Nf3 Nd7 8. h5 Bh7 9. Bd3 Bxd3 10. Qxd3 e6 11. Bd2 Ngf6 12. 0-0-0 Be7 13. Bc3 Nd5 14. Ne4 Nxc3 15. Qxc3 Nf6 16. Nfd2 Qd5 17. Nxf6+ Bxf6 18. Nc4 0-0 19. a3 Qxg2 20. Qe3 Qd5 21. Ne5 c5 22. c4 cxd4 23. cxd5 dxe3 24. Ng4 Bg5 25. fxe3 exd5 26. Rxd5 f5 27. Ne5 Bxe3+ 28. Kb1 Rad8 29. Nd7 Bg5 30. Rhd1 Rf7 31. Ne5 Rxd5 32. Rxd5 Re7 33. Ka2 Re8 34. Ng6 f4 35. Rf5 Bf6 36. Rxf4 Re2 37. Rb4 b6 38. a4 Rh2 39. a5 bxa5 40. Rb5 a6 41. Rb8+ Kf7 42. Nf4 Be5 43. Rb7+ Kf6 44. Rb6+ Kg5 45. Nd3 Bf6 46. Rxa6 Kxh5 47. Rxa5+ g5 48. Ra6 Rd2 49. Rd6 Be5 50. Rd5 Kh4 51. Kb1 Bxb2 52. Rd6 h5 53. Rd5 g4 54. Nf4 Rxd5 55. Nxd5 g3 56. Nf4 Kg4 57. Ne2 Bd4 0-1

[Event "Piestany op-A"]
[Site "Piestany"]
[Date "2023.07.16"]
[Round "6"]
[White "Sharon, Rafael"]
[Black "Niharika, Challa"]
[Result "1-0"]
[WhiteElo "1934"]
[BlackElo "2058"]
[PlyCount "57"]
[EventDate "2023.07.11"]
[EventType "swiss"]
[EventRounds "9"]
[EventCountry "SVK"]
[SourceTitle "EXT 2024"]
[Source "ChessBase"]
[SourceDate "2023.10.10"]
[SourceVersion "1"]
[SourceVersionDate "2023.10.10"]
[SourceQuality "1"]

1. Nf3 Nf6 2. g3 d5 3. d4 e6 4. Bg2 c5 5. c3 Nc6 6. 0-0 Bd6 7. Bg5 h6 8. Bxf6 Qxf6 9. e4 cxd4 10. exd5 exd5 11. Nxd4 0-0 12. Bxd5 Ne5 13. Nd2 Bg4 14. Ne4 Qg6 15. Qb3 Rad8 16. Nxd6 Rxd6 17. Bg2 Qh5 18. f3 Bc8 19. Rae1 Nd3 20. Re2 b6 21. Qa3 Nc5 22. Rfe1 a5 23. b3 Rdd8 24. Nc6 Rd6 25. Re5 g5 26. Ne7+ Kg7 27. c4 Rf6 28. Nd5 Rd6 29. Nf4 1-0

[Event "Piestany op-A"]
[Site "Piestany"]
[Date "2023.07.15"]
[Round "5"]
[White "Fizer, Marek"]
[Black "Sharon, Rafael"]
[Result "1-0"]
[WhiteElo "2137"]
[BlackElo "1934"]
[PlyCount "81"]
[EventDate "2023.07.11"]
[EventType "swiss"]
[EventRounds "9"]
[EventCountry "SVK"]
[SourceTitle "EXT 2024"]
[Source "ChessBase"]
[SourceDate "2023.10.10"]
[SourceVersion "1"]
[SourceVersionDate "2023.10.10"]
[SourceQuality "1"]

1. e4 c5 2. Nf3 e6 3. d4 cxd4 4. Nxd4 a6 5. c4 Qc7 6. Nc3 Nf6 7. Be2 b6 8. Be3 Bb7 9. f3 d6 10. Rc1 Be7 11. 0-0 0-0 12. Qd2 Nbd7 13. b3 Rac8 14. Kh1 Rfd8 15. Rfd1 Qb8 16. Qe1 Qa8 17. Qg3 Bf8 18. Rd2 Kh8 19. a4 h6 20. Rcd1 d5 21. exd5 Nxd5 22. Nxd5 exd5 23. Nf5 Rc6 24. cxd5 Rf6 25. Qh3 Bc5 26. Bg5 Rxf5 27. Bxd8 g6 28. Bg5 Rxg5 29. Qxh6+ Kg8 30. Qxg5 Bd6 31. Bd3 Qb8 32. Bxg6 fxg6 33. Qxg6+ Kf8 34. Qf5+ Ke7 35. Re2+ Kd8 36. Qg5+ Kc7 37. Rc1+ Bc6 38. Rxc6+ Kb7 39. Qg7 Qd8 40. Rxd6 Qc8 41. Qxd7+ 1-0

[Event "Piestany op-A"]
[Site "Piestany"]
[Date "2023.07.11"]
[Round "1"]
[White "Babula, Vlastimil1111"]
[Black "Sharon, Rafael"]
[Result "1-0"]
[WhiteElo "2302"]
[BlackElo "1934"]
[PlyCount "233"]
[EventDate "2023.07.11"]
[EventType "swiss"]
[EventRounds "9"]
[EventCountry "SVK"]
[SourceTitle "EXT 2024"]
[Source "ChessBase"]
[SourceDate "2023.10.10"]
[SourceVersion "1"]
[SourceVersionDate "2023.10.10"]
[SourceQuality "1"]

1. e4 c6 2. d4 d5 3. e5 Bf5 4. h4 h5 5. Bd3 Bxd3 6. Qxd3 e6 7. Bg5 Qb6 8. Nd2 c5 9. c4 Nc6 10. Ngf3 Be7 11. 0-0 Rd8 12. cxd5 Rxd5 13. Bxe7 Ngxe7 14. Nc4 Qc7 15. Nd6+ Kf8 16. Qa3 Nc8 17. dxc5 Nxe5 18. Nxe5 Rxe5 19. Rac1 Kg8 20. Nxc8 Qxc8 21. Qxa7 Rh6 22. c6 bxc6 23. Rxc6 Qxc6 24. Qb8+ Kh7 25. Qxe5 Qc4 26. Rd1 Qa4 27. Rc1 Qxa2 28. Rc7 f6 29. Qe4+ Rg6 30. Rb7 Qa1+ 31. Kh2 Qf1 32. Qf3 Rg4 33. g3 f5 34. Re7 Qe1 35. Qxf5+ exf5 36. Rxe1 Rb4 37. Re2 Kg6 38. Kg2 Rb3 39. Rc2 Kf6 40. Kf1 Ke5 41. Ke1 f4 42. Rc5+ Kd4 43. Rg5 fxg3 44. fxg3 Rxb2 45. Rxh5 Ke3 46. Kd1 Rd2+ 47. Kc1 Rd7 48. Rg5 Rc7+ 49. Kd1 Ra7 50. Kc2 Kf3 51. Kc3 Rb7 52. Kc4 Ke4 53. Kc5 Rd7 54. Kc6 Rd3 55. Rxg7 Kf5 56. Kc5 Kf6 57. Rg5 Rd1 58. Kc4 Rd2 59. Kc3 Rd1 60. Rg8 Kf7 61. Rg4 Kf6 62. Kc2 Rd5 63. Kc3 Rd1 64. Rf4+ Kg6 65. Rd4 Rg1 66. Rg4+ Kf5 67. Rg5+ Kf6 68. Kd2 Ra1 69. Ke2 Ra3 70. Kf2 Rb3 71. Ra5 Kg6 72. Kg2 Rb2+ 73. Kh3 Rb3 74. Ra4 Kh5 75. Rf4 Ra3 76. Kg2 Ra2+ 77. Rf2 Ra3 78. Rf3 Ra1 79. Rf5+ Kg6 80. g4 Ra2+ 81. Kg3 Ra3+ 82. Rf3 Ra1 83. Rb3 Rg1+ 84. Kf3 Rf1+ 85. Kg2 Ra1 86. Rb6+ Kg7 87. h5 Ra3 88. Kf2 Rc3 89. Re6 Ra3 90. Re3 Ra2+ 91. Kg3 Kf6 92. Rb3 Kg5 93. Rb5+ Kh6 94. Rb6+ Kg7 95. Kh4 Ra4 96. h6+ Kh7 97. Kh5 Ra1 98. Rb7+ Kh8 99. g5 Ra5 100. Re7 Kg8 101. Kg6 Ra6+ 102. Kf5 Ra1 103. Re6 Rf1+ 104. Kg6 Rf8 105. Ra6 Rb8 106. Ra5 Rb6+ 107. Kh5 Rb1 108. Ra8+ Kf7 109. g6+ Kf6 110. g7 Rb5+ 111. Kh4 Rb4+ 112. Kg3 Rb3+ 113. Kf2 Rb2+ 114. Ke3 Rb3+ 115. Kd2 Rb2+ 116. Kc3 Ra2 117. Rxa2 1-0

[Event "Bohumin op-A 6th"]
[Site "Bohumin"]
[Date "2023.07.01"]
[Round "1"]
[White "Sharon, Rafael"]
[Black "Lojek, Marek"]
[Result "1/2-1/2"]
[WhiteElo "1934"]
[BlackElo "2147"]
[PlyCount "81"]
[EventDate "2023.07.01"]
[EventType "swiss"]
[EventRounds "9"]
[EventCountry "CZE"]
[SourceTitle "CBM 215 Extra"]
[Source "ChessBase"]
[SourceDate "2023.09.30"]
[SourceVersion "1"]
[SourceVersionDate "2023.09.30"]
[SourceQuality "1"]

1. Nf3 Nf6 2. g3 g6 3. Bg2 Bg7 4. 0-0 0-0 5. d4 d6 6. c4 Nbd7 7. b3 e5 8. e3 Re8 9. Bb2 e4 10. Nfd2 c6 11. Nc3 d5 12. cxd5 cxd5 13. h3 h5 14. Rc1 Nf8 15. b4 Bf5 16. Qb3 Qd7 17. Kh2 Ne6 18. Ne2 Ng5 19. Nf4 Bf8 20. Rc5 Bxc5 21. dxc5 Ngh7 22. Rd1 g5 23. Ne2 Qc7 24. Nb1 Rad8 25. Nd4 Bc8 26. Nb5 Qb8 27. Nd6 Rxd6 28. cxd6 Be6 29. Be5 Nd7 30. Ba1 Nhf6 31. Qb2 Qxd6 32. Bxe4 Kf8 33. Bg2 h4 34. e4 hxg3+ 35. fxg3 Qb8 36. exd5 Bf5 37. Rf1 Bd3 38. Rxf6 Re2 39. Qd4 Bxb1 40. d6 Be4 41. Rf2 1/2-1/2

[Event "Dubai op-B 23rd"]
[Site "Dubai"]
[Date "2023.05.28"]
[Round "2"]
[White "Darsith, Manoj Nair"]
[Black "Sharon, Rafael"]
[Result "0-1"]
[WhiteElo "1588"]
[BlackElo "2040"]
[PlyCount "68"]
[EventDate "2023.05.27"]
[EventType "swiss"]
[EventRounds "9"]
[EventCountry "UAE"]
[SourceTitle "CBM 214 Extra"]
[Source "ChessBase"]
[SourceDate "2023.07.31"]
[SourceVersion "1"]
[SourceVersionDate "2023.07.31"]
[SourceQuality "1"]

1. e4 e6 2. d4 d5 3. Nc3 Bb4 4. e5 Ne7 5. a3 Bxc3+ 6. bxc3 c5 7. Qg4 Qc7 8. Bd2 0-0 9. Bd3 Ng6 10. f4 f5 11. Qg3 b6 12. Nf3 Ba6 13. Ng5 Qd7 14. h4 Bxd3 15. Qxd3 Rc8 16. h5 Nf8 17. Kf2 Qa4 18. Rhc1 Nc6 19. Nf3 Na5 20. Ra2 Rc7 21. Nh2 Rac8 22. g4 Nc4 23. gxf5 exf5 24. Be1 g6 25. Nf3 Ne6 26. hxg6 hxg6 27. dxc5 Rxc5 28. Nd4 Kf7 29. Qh3 Rg8 30. Qh4 Nxd4 31. Qf6+ Ke8 32. cxd4 Rc6 33. e6 Nd6 34. Bb4 Ne4+ 0-1

[Event "Dubai op 22nd"]
[Site "Dubai"]
[Date "2022.08.27"]
[Round "1"]
[White "Sharon, Rafael"]
[Black "Vignesh, NR."]
[Result "0-1"]
[WhiteElo "2095"]
[BlackElo "2467"]
[PlyCount "42"]
[EventDate "2022.08.27"]
[EventType "swiss"]
[EventRounds "9"]
[EventCountry "UAE"]
[SourceTitle "CBM 210 Extra"]
[Source "ChessBase"]
[SourceDate "2022.11.30"]
[SourceVersion "1"]
[SourceVersionDate "2022.11.30"]
[SourceQuality "1"]

1. e4 c5 2. Nf3 d6 3. d4 cxd4 4. Nxd4 Nf6 5. Nc3 a6 6. Be2 e5 7. Nb3 Be7 8. Be3 Be6 9. f3 Nbd7 10. Nd5 Bxd5 11. exd5 b5 12. a4 0-0 13. a5 Nh5 14. 0-0 Bg5 15. Bf2 Nf4 16. g3 Nxe2+ 17. Qxe2 Rc8 18. c3 Qc7 19. Be3 Qc4 20. Rf2 Bxe3 21. Qxe3 Qxb3 0-1

[Event "Brno op 10th"]
[Site "Brno"]
[Date "2021.11.27"]
[Round "9"]
[White "Ebner, Johann"]
[Black "Sharon, Rafael"]
[Result "0-1"]
[WhiteElo "1962"]
[BlackElo "1810"]
[PlyCount "90"]
[EventDate "2021.11.20"]
[EventType "swiss"]
[EventRounds "9"]
[EventCountry "CZE"]
[SourceTitle "CBM 205 Extra"]
[Source "ChessBase"]
[SourceDate "2022.01.31"]
[SourceVersion "1"]
[SourceVersionDate "2022.01.31"]
[SourceQuality "1"]

1. d4 d5 2. c4 c6 3. cxd5 cxd5 4. Nf3 Nf6 5. Nc3 Nc6 6. Bf4 a6 7. e3 Bg4 8. Be2 e6 9. h3 Bh5 10. 0-0 Bd6 11. Bg5 0-0 12. Re1 h6 13. Bh4 b5 14. Rc1 Rc8 15. a3 g5 16. Bg3 Bxg3 17. fxg3 Qd6 18. g4 Bg6 19. Bd3 Ne4 20. Bxe4 dxe4 21. Nd2 f5 22. gxf5 exf5 23. Qb3+ Bf7 24. Qd1 Na5 25. Ndxe4 fxe4 26. Nxe4 Qg6 27. Rxc8 Rxc8 28. Qf3 Nc4 29. Rf1 Rf8 30. Nf6+ Kg7 31. Rf2 Nd2 32. Qb7 Qb1+ 33. Kh2 Nf1+ 34. Rxf1 Qxf1 35. Nh5+ Kg8 36. Qxa6 Bxh5 37. Qxh6 Qf7 38. Qxg5+ Bg6 39. Qxb5 Qc7+ 40. Kg1 Qc1+ 41. Kh2 Qxe3 42. Qd5+ Kh7 43. Qd7+ Rf7 44. Qd8 Qf4+ 45. Kg1 Be4 0-1

[Event "Brno op 10th"]
[Site "Brno"]
[Date "2021.11.23"]
[Round "5"]
[White "Thuesen, Mogens Henrik"]
[Black "Sharon, Rafael"]
[Result "0-1"]
[WhiteElo "2188"]
[BlackElo "1810"]
[PlyCount "58"]
[EventDate "2021.11.20"]
[EventType "swiss"]
[EventRounds "9"]
[EventCountry "CZE"]
[SourceTitle "CBM 205 Extra"]
[Source "ChessBase"]
[SourceDate "2022.01.31"]
[SourceVersion "1"]
[SourceVersionDate "2022.01.31"]
[SourceQuality "1"]

1. f4 e5 2. fxe5 d6 3. exd6 Bxd6 4. Nf3 g5 5. g3 g4 6. Nh4 Ne7 7. d4 Ng6 8. Nxg6 hxg6 9. Qd3 Nc6 10. c3 Qe7 11. Bg2 Bf5 12. e4 0-0-0 13. Nd2 Bc5 14. Nb3 Bb6 15. 0-0 Be6 16. Be3 Ne5 17. Qc2 Nc4 18. Bf2 Qg5 19. Rfe1 Qh5 20. Kf1 Qxh2 21. d5 Bd7 22. Bxb6 Bb5 23. Kf2 axb6 24. Nd4 Rh3 25. Nxb5 Rxg3 26. Rg1 Rf3+ 27. Ke2 Re3+ 28. Kf1 Qf4+ 29. Qf2 Nd2# 0-1

[Event "Hradec Kralove op 11th"]
[Site "Hradec Kralove"]
[Date "2021.11.13"]
[Round "9"]
[White "Sharon, Rafael"]
[Black "Michalek, Michal"]
[Result "1/2-1/2"]
[WhiteElo "1756"]
[BlackElo "2161"]
[PlyCount "62"]
[EventDate "2021.11.06"]
[EventType "swiss"]
[EventRounds "9"]
[EventCountry "CZE"]
[SourceTitle "CBM 205 Extra"]
[Source "ChessBase"]
[SourceDate "2022.01.31"]
[SourceVersion "1"]
[SourceVersionDate "2022.01.31"]
[SourceQuality "1"]

1. e4 e5 2. Nf3 Nc6 3. Nc3 Nf6 4. d4 exd4 5. Nxd4 Bb4 6. Nxc6 bxc6 7. Bd3 0-0 8. 0-0 d5 9. exd5 Bg4 10. f3 Bh5 11. Bg5 Qd6 12. Kh1 Bxc3 13. bxc3 Nxd5 14. Qd2 Bg6 15. Rfe1 Rfe8 16. Rad1 Qa3 17. c4 Nc3 18. Rxe8+ Rxe8 19. Re1 Rxe1+ 20. Qxe1 Bxd3 21. cxd3 Nxa2 22. Qe8+ Qf8 23. Qxc6 Qb8 24. h3 h6 25. Bf4 Qb1+ 26. Kh2 Qxd3 27. Qxc7 Nc3 28. c5 Ne2 29. c6 Qd4 30. Qc8+ Kh7 31. Qf5+ Kg8 1/2-1/2

[Event "Hradec Kralove op 11th"]
[Site "Hradec Kralove"]
[Date "2021.11.08"]
[Round "3"]
[White "Sharon, Rafael"]
[Black "Zdechovsky, Tobias"]
[Result "1-0"]
[WhiteElo "1756"]
[BlackElo "1956"]
[PlyCount "95"]
[EventDate "2021.11.06"]
[EventType "swiss"]
[EventRounds "9"]
[EventCountry "CZE"]
[SourceTitle "CBM 205 Extra"]
[Source "ChessBase"]
[SourceDate "2022.01.31"]
[SourceVersion "1"]
[SourceVersionDate "2022.01.31"]
[SourceQuality "1"]

1. e4 c6 2. d4 d5 3. e5 Bf5 4. Ne2 e6 5. Ng3 Bg6 6. h4 h5 7. Bd3 Bxd3 8. cxd3 Qb6 9. Be3 Qxb2 10. Nd2 Na6 11. 0-0 Qa3 12. Nb3 g6 13. Bg5 Be7 14. Qd2 Bxg5 15. Qxg5 Qe7 16. Qf4 Nh6 17. Rab1 b6 18. Rbc1 Rc8 19. Rc3 Nf5 20. Nxf5 gxf5 21. Rfc1 Kd7 22. g3 Rhg8 23. f3 Nb4 24. Ra1 Rg6 25. a3 Na6 26. Kf2 Rcg8 27. Rg1 Nc7 28. a4 Qb4 29. Qc1 Qxa4 30. Qc2 Qb5 31. Qd2 Na6 32. g4 fxg4 33. f4 Qb4 34. Kg3 Nb8 35. Rb1 Qe7 36. Qa2 Kc8 37. Qa4 f5 38. Rbc1 R6g7 39. Rxc6+ Nxc6 40. Qxc6+ Kb8 41. Nc5 bxc5 42. Rb1+ Qb7 43. Rxb7+ Rxb7 44. Qxe6 Rc8 45. Qxd5 cxd4 46. e6 Rb1 47. Qxd4 Re1 48. Qb4+ 1-0

[Event "UAE-ch"]
[Site "Sharjah"]
[Date "2019.08.24"]
[Round "9"]
[White "Omar, Noaman"]
[Black "Sharon, Rafael"]
[Result "1-0"]
[WhiteElo "2369"]
[BlackElo "1481"]
[PlyCount "85"]
[EventDate "2019.08.16"]
[EventType "swiss"]
[EventRounds "9"]
[EventCountry "UAE"]
[SourceTitle "EXT 2020"]
[Source "ChessBase"]
[SourceDate "2019.10.17"]
[SourceVersion "1"]
[SourceVersionDate "2019.10.17"]
[SourceQuality "1"]

1. d4 Nf6 2. c4 e6 3. Nc3 Bb4 4. Qc2 Bxc3+ 5. Qxc3 Ne4 6. Qc2 f5 7. Nh3 b6 8. f3 Nf6 9. e3 Bb7 10. Bd3 0-0 11. 0-0 Na6 12. Bd2 Qe7 13. a3 c5 14. Qa4 cxd4 15. exd4 Qd6 16. Bc3 Nc5 17. dxc5 Qxd3 18. Rfe1 Bc6 19. Qb3 b5 20. cxb5 Qxb5 21. Qxb5 Bxb5 22. b4 a6 23. Nf4 Kf7 24. a4 Bc4 25. Bxf6 Kxf6 26. Rec1 Bb3 27. Rc3 g5 28. Nh5+ Kg6 29. Rxb3 Kxh5 30. Rd1 Ra7 31. Rd6 Rb8 32. Rb6 Rc8 33. a5 Kg6 34. Rd3 Kf7 35. Rdd6 Rca8 36. c6 dxc6 37. Rdxc6 e5 38. Rf6+ Kg7 39. Rxf5 h6 40. Rff6 Rd8 41. Rg6+ Kf7 42. Rxh6 Raa8 43. Rb7+ 1-0

[Event "Al Ain U20 op 1st"]
[Site "Al Ain"]
[Date "2017.12.31"]
[Round "2"]
[White "Sharon, Rafael"]
[Black "Garayev, Kanan Farzali Oglu"]
[Result "0-1"]
[WhiteElo "1357"]
[BlackElo "2260"]
[PlyCount "70"]
[EventDate "2017.12.30"]
[EventType "swiss"]
[EventRounds "9"]
[EventCountry "UAE"]
[SourceTitle "CBM 182 Extra"]
[Source "ChessBase"]
[SourceDate "2018.02.23"]
[SourceVersion "1"]
[SourceVersionDate "2018.02.23"]
[SourceQuality "1"]

1. c4 g6 2. Nc3 Bg7 3. d4 d6 4. Nf3 Nc6 5. g3 Nf6 6. Bg2 0-0 7. 0-0 a6 8. b3 Rb8 9. Bb2 b5 10. cxb5 axb5 11. e3 b4 12. Ne2 Ba6 13. Re1 Nd7 14. Qc2 Na5 15. a3 c5 16. a4 Rc8 17. Qd1 c4 18. bxc4 Bxc4 19. Nd2 d5 20. e4 e6 21. exd5 exd5 22. Nf4 Nb6 23. Re3 Ba6 24. Nb3 Nbc4 25. Re2 Nxb3 26. Qxb3 Na5 27. Qd1 Bxe2 28. Qxe2 b3 29. Ba3 Re8 30. Qd3 Rc4 31. Bb2 Rc2 32. Bc3 Qc7 33. Nxd5 Qc4 34. Qf3 b2 35. Rd1 Rc1 0-1